Transformation of Slovak economy to market conditions: problems and starting points to solutions for future period

Salvato in:
Dettagli Bibliografici
Autore principale: Porvazník, Ján
Altri autori: Staněk, Peter
Natura: Capitolo di libro
Lingua:inglese
Tags: Aggiungi Tag
Nessun Tag, puoi essere il primo ad aggiungerne!!

MARC

LEADER 00000naa$a2200000$$$4500
001 0146261
005 20240502083337.1
041 0 |a eng 
044 |a FI 
245 1 0 |a Transformation of Slovak economy to market conditions: problems and starting points to solutions for future period  |c Ján Porvazník, Peter Staněk 
100 1 |a Porvazník, Ján 
700 1 |a Staněk, Peter